#1 Geoguessr w Euro Truck Simulator 2 - Statistics

General Stats
  • This quiz has been taken 94 times
  • The average score is 7 of 16
Answer Stats
Picture Answer % Correct
Polska
82%
Francja
78%
Hiszpania
70%
Rosja
60%
Finlandia
58%
Wielka Brytania
56%
Rumunia
52%
Islandia
48%
Ukraina
31%
Egipt
30%
Brazylia
22%
Izrael
19%
Sudan
16%
Indie
14%
Argentyna
12%
Republika Południowej Afryki
6%
No matching quizzes found
Score Distribution
Percent of People with Each Score
Percentile by Number Answered
Your Score History
You have not taken this quiz